Korean War participants - Statistics

General Stats
  • This quiz has been taken 661 times
    647 since last reset
  • The average score is 14 of 20
Answer Stats
Hint Answer % Correct
USA
100%
China
99%
USSR
98%
North Korea
97%
South Korea
95%
UK
95%
France
92%
Canada
85%
Australia
83%
New Zealand
73%
Netherlands
60%
Turkey
60%
Belgium
58%
Thailand
55%
Greece
50%
South Africa
49%
Philippines
45%
Luxembourg
36%
Ethiopia
32%
Colombia
26%
No matching quizzes found
Score Distribution
Percent of People with Each Score
Percentile by Number Answered
Your Score History
You have not taken this quiz since the last reset